00513nam a2200157 a 450000500170000000800410001702000180005805000190007610000180009524500370011326000420015030000070019244000270019999900190022695201100024520140412111409.0070807s19uu xx 00 eng d a971-511-787-2 aFilbAr77 2004 aHicks, Lesley aArthur's Angry! /cLesley Hicks. aPhilippines :bOMF literature,c2004. a32 aHiyas christian values c105615d105615 001040aELbELcFILd2007-08-07eDonationl0oFil Ar77 2004pE10449r2014-04-12 00:00:00w2014-04-12yBK